| 000 | 00361nam a22001337a 4500 | ||
|---|---|---|---|
| 020 | _a81-7008-960-3 | ||
| 082 |
_a500 _bSAX/P |
||
| 100 | _aS.P.SAXENA, DHEERAJ SAXENA | ||
| 245 |
_aCOMPREHENSIVE PRACTICAL SCIENCE AND TECHNOLOGY _bFOR CLASS X |
||
| 260 |
_aDELHI _bLAXMI PUBLICATIONS |
||
| 300 | _a127 | ||
| 650 |
_aPRACTICAL SCIENCE FOR CLASS X _zINDIA |
||
| 942 | _cBK | ||
| 999 |
_c796 _d796 |
||